000 00367nam a2200133Ia 4500
008 220217s9999||||xx |||||||||||||| ||und||
020 _a81-203-0124-2
082 _a621.3815 MOT
100 _aMottershead, Allen
_91215
245 0 _aElectronic devices and circuits
260 _aPrentice hall of india
_bNew Delhi
_c2000
300 _b175
650 _aCIRCUITRY
999 _c166028
_d166028